Arctic zoo

Bibliographic Details
Main Author: Muchamore, Robert
Format: Book
Published: London : Hot Key Books , 2019
Subjects:

MARC

LEADER 00000cam a2200000 7i4500
001 0000278777
005 20201001121248.0
020 |a 9781471408328 
090 0 0 |a F   |b MUC 
100 1 |a Muchamore, Robert 
245 1 0 |a Arctic zoo   |c Robert Muchamore 
260 |a London :   |b Hot Key Books ,   |c 2019 
300 |a 455p. ;   |c 23cm. 
650 0 |a Fiction 
999 |a 00384461   |b BUKU   |c PINJAMAN   |e PERPUSTAKAAN KOMUNITI PETALING JAYA